| 000 | 00505nam a2200169Ia 4500 | ||
|---|---|---|---|
| 999 |
_c28391 _d28391 |
||
| 003 | OSt | ||
| 005 | 20210106100613.0 | ||
| 008 | 190216s9999||||xx |||||||||||||| ||und|| | ||
| 040 | _coclc | ||
| 082 |
_a894.812301 _bPOO/M |
||
| 100 |
_aPoonkunnam, Unnikrishnan _96532 |
||
| 245 | 0 |
_aMattoru Melanki / _cUnnikrishnan Poonkunnam |
|
| 260 |
_bPoorna Publications, _aKozhikode: _c2003. |
||
| 300 | _a104p | ||
| 650 | _aKathakal | ||
| 942 |
_cBK _2ddc _h894.812301 _iPOO/M _k894.812301 _mPOO/M |
||